Statistiques concernant Les monnaies européennes avant l'Euro

Cliquez ici pour prendre le quiz!

Statistiques générales

  • Ce quiz a été pris 330 fois
  • Le résultat moyen est 10 sur 19

Statistiques - réponses

PaysMonnaie% Correct
FranceFranc français
95%
BelgiqueFranc belge
90%
LuxembourgFranc luxembourgeois
86%
ItalieLire italienne
73%
AllemagneDeutsche Mark
70%
IrlandeLivre irlandaise
64%
EspagnePeseta
63%
FinlandeMark finlandais
57%
ChypreLivre chypriote
54%
MalteLivre maltaise
54%
SlovaquieCouronne slovaque
48%
EstonieCouronne estonienne
47%
GrèceDrachme
45%
PortugalEscudo
44%
Pays-BasFlorin
44%
AutricheSchilling
36%
SlovénieTolar
11%
LettonieLats
10%
LituanieLitas
9%

Distribution des résultats

Percentile par nombre de réponses

% des personnes avec chaque résultat

Votre développement - résultats

Vous n’avez pas pris ce quiz